| 000 | 00692nam a22002417a 4500 | ||
|---|---|---|---|
| 001 | BR9600911 | ||
| 003 | BR-BrBNA | ||
| 005 | 20230928095209.0 | ||
| 007 | ta | ||
| 008 | 230509b bl.||||| |||| 00| 0 por d | ||
| 040 |
_aBR-BrBNA _bpor _cBiblioteca Nacional de Agricultura |
||
| 041 | _a(Por) | ||
| 072 | _aE50 | ||
| 090 | _ E50 BR9600911 | ||
| 110 | 1 | _aEmpresa de Assistencia Tecnica e Extensao Rural do Estado do Para, Belem (Brasil) | |
| 245 | 1 | _aRelatorio - Convencao Estadual de Juventude Rural - Belem - Para | |
| 260 | 3 |
_aBelem, PA (Brasil): _c1985. |
|
| 300 | _a35 p. | ||
| 650 | _aJuventude Rural | ||
| 650 | _aPara | ||
| 909 |
_a202309 _bLucia _c55 _dLucia Elande |
||
| 942 | _cBK | ||
| 999 |
_c55126 _d55126 |
||